Statistics for Bring Me to Life - Evanescence (All Lyrics)

Click here to take the quiz!

General Stats

  • This quiz has been taken 1,420 times
    (661 since last reset)
  • The average score is 257 of 324

Answer Stats

Lyrics% Correct
me
100%
me.
100%
me.)
100%
(I
99%
I
99%
in
98%
can
97%
up.)
96%
up
96%
my
95%
wake
95%
Wake
95%
(Wake
95%
you
95%
a
94%
to
94%
inside
93%
inside.
93%
the
93%
save
92%
Save
92%
(Save
92%
see
91%
see.
91%
Bring
90%
from
90%
be
89%
life.
89%
life
89%
can't
88%
How
87%
eyes,
85%
eyes
85%
and
84%
so
84%
open
83%
into
81%
become
80%
become.
80%
like
80%
I've
79%
dark.
78%
dark,
78%
doors?
78%
come
73%
name
73%
Call
72%
nothing
70%
numb.
67%
soul,
67%
soul.
67%
Before
66%
it
66%
without
66%
Without
66%
without,
66%
undone.
63%
that
62%
back
61%
cold,
61%
sleeping
61%
there
61%
There
61%
There's
61%
blood
60%
down
60%
somewhere
60%
where
59%
Now
58%
been
57%
home.
57%
know
55%
spirit's
55%
what
55%
your
55%
find
54%
I'm
54%
run.
54%
core,
53%
leave
53%
until
53%
lead
52%
make
51%
just
50%
this
50%
All
49%
Bid
48%
Breathe
47%
Leading
46%
love,
46%
real.
45%
darling.
44%
Only
44%
lie.
43%
of
43%
everything.
42%
living
41%
time,
41%
believe
40%
but
40%
Frozen
40%
got
40%
thousand
40%
touch,
40%
couldn't
39%
were
39%
years
39%
are
38%
here.
37%
seems.
37%
dead.
34%
Don't
34%
let
32%
among
31%
die
31%
front
31%
more.
30%
something
29%
must
27%
voice,
27%
Kept
25%
thought,
25%

Score Distribution

Percentile by Number Answered

Percent of People with Each Score

Your Score History

You have not taken this quiz since the last reset